Edukace bez indoktrinace /

Hlavní autor: Hábl, Jan, 1975-
Další autoři: Kaplanová, Jitka
Jazyk: Slovenština
Čeština
Vydáno: Červený Kostelec : Pavel Mervart, 2024
Vydání: Vydání první
Témata:
Fyzický popis: 171 stran ; 21 cm
Language note: Částečně slovenský text, česká a anglické resumé
Knihy
Uloženo v:
LEADER 01968nam a2200553 i 4500
001 nkc20243661799
003 CZ PrNK
005 20250619084248.0
007 ta
008 250102s2024 xr e 001 0 cze
015 |a cnb003661799 
020 |a 978-80-7465-645-3  |q (brožováno) 
035 |a (OCoLC)1498301603 
040 |a ABA001  |b cze  |e rda 
041 0 |a cze  |a slo  |b cze  |b eng 
072 7 |a 37  |x Výchova a vzdělávání  |2 Konspekt  |9 22 
080 |a 37.013.73  |2 MRF 
080 |a 316.752  |2 MRF 
080 |a 159.955:165.021  |2 MRF 
080 |a 316.64  |2 MRF 
080 |a (048.8)  |2 MRF 
100 1 |a Hábl, Jan,  |d 1975-  |7 hka2010577128  |4 aut 
245 1 0 |a Edukace bez indoktrinace /  |c Jan Hábl, Jitka Kaplanová a kol. 
246 3 0 |a Edukace 
250 |a Vydání první 
264 1 |a Červený Kostelec :  |b Pavel Mervart,  |c 2024 
300 |a 171 stran ;  |c 21 cm 
336 |a text  |b txt  |2 rdacontent 
337 |a bez média  |b n  |2 rdamedia 
338 |a svazek  |b nc  |2 rdacarrier 
504 |a Obsahuje bibliografie, bibliografické odkazy a rejstřík 
546 |a Částečně slovenský text, česká a anglické resumé 
650 0 7 |a filozofie výchovy  |7 ph120230  |2 czenas 
650 0 7 |a hodnotová orientace  |7 ph117202  |2 czenas 
650 0 7 |a kritické myšlení  |7 ph117464  |2 czenas 
650 0 7 |a názory a postoje  |7 ph137634  |2 czenas 
650 0 9 |a philosophy of education  |2 eczenas 
650 0 9 |a value orientation  |2 eczenas 
650 0 9 |a critical thinking  |2 eczenas 
650 0 9 |a views and attitudes  |2 eczenas 
653 0 |a indoktrinace 
655 7 |a studie  |7 fd133597  |2 czenas 
655 9 |a studies  |2 eczenas 
700 1 |a Kaplanová, Jitka  |7 jo20251248080  |4 aut 
910 2 |a BOA001  |b 2-1544.497 
990 |a BK 
995 |a 01 
996 6 |b 2611003995  |c 2-1544.497  |l MZK  |r Sklad / do 1 hodiny  |n 1  |p p.v.  |w 002005551  |u 000010  |a 1  |e BOA001  |j MZK50  |s P 
996 7 |b 2611004586  |c 2-1544.497  |l Vol.výběr  |r VV 0p  |n 0  |p kup  |h 37 HÁB  |w 002005551  |u 000020  |a 0  |e BOA001  |j MZK50  |s A